[Event "Mombaca op 6th"]
[Site "Mombaca"]
[Date "2022.08.21"]
[Round "6"]
[White "Amaral, Danilo Tokechi"]
[Black "Claudino, Ariel Silva"]
[Result "1-0"]
[WhiteElo "1532"]
[BlackElo "1800"]
[PlyCount "120"]
[EventDate "2022.08.19"]
[EventType "swiss"]
[EventRounds "6"]
[EventCountry "BRA"]
[SourceTitle "CBM 210 Extra"]
[Source "ChessBase"]
[SourceDate "2022.11.30"]
[SourceVersion "1"]
[SourceVersionDate "2022.11.30"]
[SourceQuality "1"]

1. e4 c5 2. Nf3 e6 3. d3 Nc6 4. g3 Qc7 5. Qe2 d6 6. Bg2 Be7 7. 0-0 Nf6 8. Re1 Ne5 9. Nbd2 0-0 10. Nxe5 dxe5 11. Nf3 Bd7 12. h4 Rfe8 13. Bg5 g6 14. Qd2 Nh5 15. Bh3 f6 16. Bh6 Bf8 17. Bg4 Re7 18. Bxh5 gxh5 19. Kh1 Bxh6 20. Qxh6 Rg7 21. Qxh5 Rf8 22. Nh2 Be8 23. Qe2 f5 24. exf5 Rxf5 25. Rf1 Bc6+ 26. Kg1 Qe7 27. Ng4 Kh8 28. Nxe5 Qxh4 29. Nxc6 bxc6 30. Qe4 Qh3 31. Qxc6 Rd5 32. Qc8+ Rg8 33. Qc7 h5 34. Qf4 Rdg5 35. Rae1 h4 36. Re4 hxg3 37. Qh4+ Rh5 38. Qxh3 gxf2+ 39. Kxf2 Rxh3 40. Ke2 Rg2+ 41. Rf2 Rg1 42. Kd2 Rh6 43. Rfe2 Ra1 44. a3 Ra2 45. Kc3 Rh1 46. Re1 Ra1 47. Rxa1 Rxa1 48. Rxe6 Kg7 49. Re7+ Kf6 50. Rxa7 Ke6 51. Kc4 Rc1 52. c3 Rd1 53. Ra5 Rd2 54. b3 Rg2 55. Rxc5 Kd6 56. a4 Rg4+ 57. d4 Rg8 58. a5 Ra8 59. b4 Rb8 60. b5 Rb7 1-0

[Event "Mombaca op 6th"]
[Site "Mombaca"]
[Date "2022.08.20"]
[Round "3"]
[White "Lora, Miguel Said Brasil"]
[Black "Amaral, Danilo Tokechi"]
[Result "1-0"]
[WhiteElo "1280"]
[BlackElo "1532"]
[PlyCount "89"]
[EventDate "2022.08.19"]
[EventType "swiss"]
[EventRounds "6"]
[EventCountry "BRA"]
[SourceTitle "CBM 210 Extra"]
[Source "ChessBase"]
[SourceDate "2022.11.30"]
[SourceVersion "1"]
[SourceVersionDate "2022.11.30"]
[SourceQuality "1"]

1. e4 c5 2. Nf3 d6 3. d4 cxd4 4. Nxd4 Nf6 5. Nc3 g6 6. Be2 Bg7 7. Be3 0-0 8. 0-0 Nc6 9. Qd2 Nxd4 10. Bxd4 Be6 11. Bf3 a6 12. a4 Qc7 13. Be3 Rfc8 14. Nd5 Bxd5 15. exd5 Qxc2 16. Rfe1 Kf8 17. Qxc2 Rxc2 18. Bd4 Ne8 19. Be4 Rcc8 20. Bxg7+ Kxg7 21. Bf3 Rc5 22. Re2 Rac8 23. h3 Nf6 24. Rae1 Kf8 25. g4 Ng8 26. g5 Rc2 27. Kg2 Rxe2 28. Rxe2 Rc4 29. Re4 Rxe4 30. Bxe4 Kg7 31. f4 b6 32. Kf3 a5 33. Ke3 e6 34. Kd4 Ne7 35. Kc4 Kf8 36. dxe6 fxe6 37. Kb5 Nd5 38. Kc6 Ke7 39. Bxd5 exd5 40. Kxd5 Kd7 41. h4 Kc7 42. f5 gxf5 43. h5 Kd7 44. g6 hxg6 45. h6 1-0

[Event "Sao Paulo Hebraica op 28th"]
[Site "Sao Paulo"]
[Date "2022.01.16"]
[Round "5"]
[White "Ferreira, Wagner Maria Gangin"]
[Black "Amaral, Danilo Tokechi"]
[Result "0-1"]
[WhiteElo "1203"]
[BlackElo "1530"]
[PlyCount "56"]
[EventDate "2022.01.14"]
[EventType "swiss"]
[EventRounds "6"]
[EventCountry "BRA"]
[SourceTitle "CBM 206 Extra"]
[Source "ChessBase"]
[SourceDate "2022.03.31"]
[SourceVersion "1"]
[SourceVersionDate "2022.03.31"]
[SourceQuality "1"]

1. d4 Nf6 2. Bf4 g6 3. Nf3 Bg7 4. Nbd2 0-0 5. e4 d6 6. Be2 c5 7. e5 Nd5 8. Bg3 cxd4 9. exd6 exd6 10. 0-0 Nc6 11. Nc4 Ne5 12. Re1 Nxc4 13. Bxc4 Nb6 14. Bb3 Bg4 15. h3 Bxf3 16. Qxf3 Qd7 17. Rad1 Rfe8 18. Bf4 Rxe1+ 19. Rxe1 d5 20. Be5 Re8 21. Qg3 f6 22. f4 fxe5 23. fxe5 Nc4 24. Bxc4 dxc4 25. Kh1 d3 26. cxd3 cxd3 27. Rd1 d2 28. Qf2 Bh6 0-1

[Event "Sao Jose dos Campos op 3rd"]
[Site "Sao Jose dos Campos"]
[Date "2021.08.22"]
[Round "4"]
[White "Teixeira, Felipe Augusto Cass"]
[Black "Amaral, Danilo Tokechi"]
[Result "0-1"]
[WhiteElo "1800"]
[BlackElo "1513"]
[PlyCount "34"]
[EventDate "2021.08.21"]
[EventType "swiss"]
[EventRounds "5"]
[EventCountry "BRA"]
[SourceTitle "CBM 204 Extra"]
[Source "ChessBase"]
[SourceDate "2021.11.30"]
[SourceVersion "1"]
[SourceVersionDate "2021.11.30"]
[SourceQuality "1"]

1. c4 Nf6 2. Nc3 c5 3. Nf3 d5 4. cxd5 Nxd5 5. e4 Nf6 6. Bc4 Nc6 7. e5 Ng4 8. e6 Bxe6 9. Bxe6 fxe6 10. Nb5 Nge5 11. Ng5 Qd7 12. 0-0 0-0-0 13. f4 h6 14. fxe5 hxg5 15. d4 a6 16. Na3 cxd4 17. Bxg5 Nxe5 0-1

[Event "Sao Jose dos Campos op 3rd"]
[Site "Sao Jose dos Campos"]
[Date "2021.08.21"]
[Round "1"]
[White "Amaral, Danilo Tokechi"]
[Black "Dos Santos, Lucas Aparecido"]
[Result "0-1"]
[WhiteElo "1513"]
[BlackElo "2013"]
[PlyCount "90"]
[EventDate "2021.08.21"]
[EventType "swiss"]
[EventRounds "5"]
[EventCountry "BRA"]
[SourceTitle "CBM 204 Extra"]
[Source "ChessBase"]
[SourceDate "2021.11.30"]
[SourceVersion "1"]
[SourceVersionDate "2021.11.30"]
[SourceQuality "1"]

1. e4 c5 2. Nc3 a6 3. a4 Nc6 4. Bc4 g6 5. f4 d6 6. Nf3 Bg7 7. 0-0 e6 8. d3 Nge7 9. Qe1 0-0 10. Ng5 d5 11. Bb3 Nd4 12. Qh4 h6 13. Nf3 Nxb3 14. cxb3 Nc6 15. Qh3 Nb4 16. Ne5 Nc2 17. Rb1 Nd4 18. Ng4 h5 19. Ne5 Nxb3 20. g4 Bxe5 21. fxe5 Nxc1 22. Rbxc1 Qg5 23. exd5 exd5 24. Qg3 h4 25. Qf4 Qxf4 26. Rxf4 Be6 27. a5 Rac8 28. Na4 c4 29. dxc4 dxc4 30. Nb6 Rc5 31. Nxc4 Rfc8 32. b3 Rxe5 33. Rd1 Re2 34. Rd6 h3 35. Rf2 Re4 36. Rb6 Rxg4+ 37. Kf1 Re4 38. Rf3 g5 39. Rxb7 g4 40. Rd3 Rcxc4 41. Rg3 Rc2 42. Rd3 Rc5 43. Rbd7 Bc4 44. Kg1 Bxd3 45. Rxd3 Rxa5 0-1

[Event "Sao Jose dos Campos op 3rd"]
[Site "Sao Jose dos Campos"]
[Date "2021.08.21"]
[Round "2"]
[White "De Carvalho, Amauri"]
[Black "Amaral, Danilo Tokechi"]
[Result "0-1"]
[WhiteElo "1192"]
[BlackElo "1513"]
[PlyCount "66"]
[EventDate "2021.08.21"]
[EventType "swiss"]
[EventRounds "5"]
[EventCountry "BRA"]
[SourceTitle "CBM 204 Extra"]
[Source "ChessBase"]
[SourceDate "2021.11.30"]
[SourceVersion "1"]
[SourceVersionDate "2021.11.30"]
[SourceQuality "1"]

1. b3 Nf6 2. Bb2 c5 3. e3 g6 4. c4 Bg7 5. g3 0-0 6. Bg2 Nc6 7. Nf3 d6 8. 0-0 Bd7 9. d4 cxd4 10. exd4 Bf5 11. Nh4 Bg4 12. Qc2 Rc8 13. h3 Bd7 14. Re1 a6 15. a4 b5 16. axb5 axb5 17. d5 Nb4 18. Qd2 bxc4 19. Qxb4 cxb3 20. Qa5 Qxa5 21. Rxa5 Rc2 22. Bd4 Rfc8 23. Na3 Ra2 24. Rb1 Rb8 25. Rb2 Nxd5 26. Bxg7 Kxg7 27. Nc4 Nc3 28. Rbxa2 bxa2 29. Kh2 Rb1 30. Be4 a1Q 31. Bxb1 Qxb1 32. Ra7 Ne2 33. Kg2 Bc6+ 0-1

[Event "Sao Paulo Hebraica op 27th"]
[Site "Sao Paulo"]
[Date "2020.01.10"]
[Round "2"]
[White "Piovacari, Giovanna Almeida"]
[Black "Amaral, Danilo Tokechi"]
[Result "0-1"]
[WhiteElo "1644"]
[BlackElo "1505"]
[PlyCount "108"]
[EventDate "2020.01.10"]
[EventType "swiss"]
[EventRounds "6"]
[EventCountry "BRA"]
[SourceTitle "CBM 194 Extra"]
[Source "ChessBase"]
[SourceDate "2020.03.31"]
[SourceVersion "1"]
[SourceVersionDate "2020.03.31"]
[SourceQuality "1"]

1. e4 c5 2. Nf3 d6 3. d4 cxd4 4. Nxd4 Nf6 5. Nc3 g6 6. Be2 Bg7 7. Be3 0-0 8. Qd2 Ng4 9. Bxg4 Bxg4 10. f3 Bd7 11. 0-0-0 Nc6 12. Kb1 Ne5 13. Qc1 Rc8 14. Ncb5 Bxb5 15. Nxb5 Nc4 16. Bd4 Bxd4 17. Nxd4 Qb6 18. h4 e5 19. Nb3 a5 20. a4 Rc7 21. h5 Ne3 22. Rd2 Rfc8 23. hxg6 fxg6 24. Na1 Qb4 25. b3 Nc4 26. Rd5 Na3+ 27. Ka2 Rxc2+ 28. Nxc2 Rxc2+ 29. Qb2 Rxb2+ 30. Kxb2 Nc4+ 31. Kc2 Ne3+ 32. Kb2 Nxd5 33. exd5 Qd2+ 34. Ka3 Qxg2 35. Rc1 Qxf3 36. Rc8+ Kg7 37. Rc7+ Kf6 38. Rxb7 Qxd5 39. Rxh7 Qc5+ 40. Kb2 Qb4 41. Rh1 g5 42. Rf1+ Ke6 43. Ka2 e4 44. Rg1 e3 45. Rxg5 e2 46. Rg6+ Kd5 47. Rg5+ Kc6 48. Rg2 e1Q 49. Rb2 Qbd2 50. Rxd2 Qxd2+ 51. Ka1 Kc5 52. b4+ Kxb4 53. Kb1 Kc3 54. Ka1 Qb2# 0-1

[Event "Sao Paulo ECP op 5th"]
[Site "Sao Paulo"]
[Date "2019.11.29"]
[Round "1"]
[White "Haraguchi, Diego Sashaki"]
[Black "Amaral, Danilo Tokechi"]
[Result "1-0"]
[WhiteElo "1745"]
[BlackElo "1536"]
[PlyCount "61"]
[EventDate "2019.11.29"]
[EventType "swiss"]
[EventRounds "6"]
[EventCountry "BRA"]
[SourceTitle "CBM 193 Extra"]
[Source "ChessBase"]
[SourceDate "2020.01.31"]
[SourceVersion "1"]
[SourceVersionDate "2020.01.31"]
[SourceQuality "1"]

1. Nf3 Nf6 2. g3 c5 3. c4 d5 4. cxd5 Nxd5 5. Bg2 Nc6 6. d4 cxd4 7. Nxd4 Nxd4 8. Qxd4 Be6 9. 0-0 Qd7 10. Rd1 Nb4 11. Qxd7+ Bxd7 12. Bxb7 Rb8 13. Be4 g6 14. Bf4 Rb5 15. Nc3 Ra5 16. a3 Na6 17. b4 Rh5 18. Bf3 Rh3 19. Rxd7 Kxd7 20. Rd1+ Kc8 21. Bg4+ f5 22. Bxh3 Bg7 23. Nd5 e5 24. Be3 Kb7 25. b5 Nb8 26. Rc1 Rc8 27. Rxc8 Kxc8 28. Bxa7 Kb7 29. Bxb8 Kxb8 30. a4 Kb7 31. e4 1-0

[Event "Sao Paulo op-B U2050 8th"]
[Site "Sao Paulo"]
[Date "2019.10.20"]
[Round "5"]
[White "Amaral, Danilo Tokechi"]
[Black "Chi Haur, Wu"]
[Result "0-1"]
[WhiteElo "1534"]
[BlackElo "1703"]
[PlyCount "100"]
[EventDate "2019.10.17"]
[EventType "swiss"]
[EventRounds "6"]
[EventCountry "BRA"]
[SourceTitle "CBM 192 Extra"]
[Source "Chessbase"]
[SourceDate "2019.11.06"]
[SourceVersion "1"]
[SourceVersionDate "2019.11.06"]
[SourceQuality "1"]

1. e4 c5 2. Nf3 Nc6 3. d4 cxd4 4. Nxd4 Nf6 5. Nc3 e5 6. Nb3 Bb4 7. Bd3 d6 8. 0-0 0-0 9. Nd5 h6 10. f4 Nxd5 11. exd5 Ne7 12. fxe5 dxe5 13. c3 Bd6 14. Qf3 f5 15. Bc2 a5 16. a4 b6 17. Be3 e4 18. Qd1 Ba6 19. Re1 Bc4 20. Nd4 Bxd5 21. Bb3 Kh8 22. Bxd5 Nxd5 23. Ne6 Nxe3 24. Rxe3 Qe7 25. Nxf8 Rxf8 26. Re2 Qe5 27. g3 f4 28. gxf4 Qxf4 29. Qf1 Bc5+ 30. Kh1 Qxf1+ 31. Rxf1 Rxf1+ 32. Kg2 Rg1+ 33. Kh3 e3 34. b4 axb4 35. cxb4 Bd4 36. a5 bxa5 37. bxa5 Rg6 38. Ra2 Re6 39. Re2 Rf6 40. Kg3 Kg8 41. h4 Kf7 42. h5 Ke6 43. a6 Kd5 44. Ra2 Rf7 45. Ra5+ Ke4 46. Ra4 e2 47. a7 e1Q+ 48. Kh3 Qf1+ 49. Kg4 Qf3+ 50. Kh4 Rf4# 0-1

[Event "Sao Paulo Schutt Cup"]
[Site "Sao Paulo"]
[Date "2019.09.13"]
[Round "2"]
[White "Scolastici, Marcus Vinicius"]
[Black "Amaral, Danilo Tokechi"]
[Result "0-1"]
[WhiteElo "1077"]
[BlackElo "1527"]
[PlyCount "68"]
[EventDate "2019.09.13"]
[EventType "swiss"]
[EventRounds "6"]
[EventCountry "BRA"]
[SourceTitle "EXT 2020"]
[Source "ChessBase"]
[SourceDate "2019.10.17"]
[SourceVersion "1"]
[SourceVersionDate "2019.10.17"]
[SourceQuality "1"]

1. e4 c5 2. Nf3 d6 3. Bb5+ Nd7 4. d4 cxd4 5. Nxd4 Ngf6 6. Nc3 e6 7. Be3 Be7 8. 0-0 0-0 9. Nde2 a6 10. Bd3 b5 11. a3 Bb7 12. Nf4 Ne5 13. f3 Nxd3 14. Nxd3 d5 15. e5 Nd7 16. Bd4 Rc8 17. b4 Rc6 18. Qd2 Qc7 19. Rab1 Rc8 20. Rb3 Nb6 21. Bxb6 Qxb6+ 22. Kh1 Qc7 23. Ne2 Rxc2 24. Qe3 Qc4 25. Rbb1 Qa2 26. Ra1 Rxe2 27. Rxa2 Rxe3 28. Nf4 Rxe5 29. Nd3 Re3 30. Nf2 Rcc3 31. Nd1 Rxa3 32. Nxe3 Rxa2 33. Rc1 Bd6 34. Nc2 Bf4 0-1

[Event "Sao Paulo Karman Cup"]
[Site "Sao Paulo"]
[Date "2019.08.17"]
[Round "4"]
[White "Amaral, Danilo Tokechi"]
[Black "Ferreira, Caio Tulio Moreira"]
[Result "0-1"]
[WhiteElo "1481"]
[BlackElo "1642"]
[PlyCount "106"]
[EventDate "2019.08.16"]
[EventType "swiss"]
[EventRounds "6"]
[EventCountry "BRA"]
[SourceTitle "EXT 2021"]
[Source "ChessBase"]
[SourceDate "2020.10.23"]
[SourceVersion "1"]
[SourceVersionDate "2020.10.23"]
[SourceQuality "1"]

1. e4 d5 2. exd5 Nf6 3. d4 Nxd5 4. Nf3 Bg4 5. Bc4 Nc6 6. Be3 Nxe3 7. fxe3 e6 8. 0-0 Bd6 9. Nbd2 0-0 10. Qe1 Nb4 11. Qd1 c5 12. c3 Nd5 13. Qe1 cxd4 14. exd4 Nf6 15. Ne4 Nxe4 16. Qxe4 Bxf3 17. Rxf3 Qc7 18. Rh3 g6 19. Qh4 h5 20. Bd3 Qe7 21. Qe4 b6 22. Rxh5 f5 23. Qh4 gxh5 24. Qxh5 Qh7 25. Qg5+ Kh8 26. g3 Be7 27. Qf4 Qg7 28. Re1 Bg5 29. Qd6 Rae8 30. Rxe6 Rxe6 31. Qxe6 Qe7 32. Qg6 Qf6 33. Qh5+ Kg7 34. h4 Bc1 35. b3 Bb2 36. g4 Qg6 37. Qxg6+ Kxg6 38. Bxf5+ Rxf5 39. gxf5+ Kxf5 40. c4 Bxd4+ 41. Kf1 Ke4 42. Ke2 Be3 43. b4 Bf4 44. a4 Kd4 45. c5 bxc5 46. bxc5 Kxc5 47. Kd3 Kb4 48. h5 Kxa4 49. Kc4 a5 50. Kc3 Ka3 51. Kc2 Ka2 52. Kc3 a4 53. Kc2 a3 0-1

[Event "American Continental 15th"]
[Site "Sao Paulo"]
[Date "2019.07.12"]
[Round "10"]
[White "Olivo, Anibal Ribeiro"]
[Black "Amaral, Danilo Tokechi"]
[Result "0-1"]
[WhiteElo "1649"]
[BlackElo "1432"]
[PlyCount "124"]
[EventDate "2019.07.05"]
[EventType "swiss"]
[EventRounds "11"]
[EventCountry "BRA"]
[SourceTitle "CBM 191 Extra"]
[Source "ChessBase"]
[SourceDate "2019.09.30"]
[SourceVersion "1"]
[SourceVersionDate "2019.09.30"]
[SourceQuality "1"]

1. e4 c5 2. Nf3 d6 3. d4 cxd4 4. Nxd4 Nf6 5. Nc3 g6 6. Be3 Bg7 7. f3 0-0 8. Qd2 Nc6 9. 0-0-0 Nxd4 10. Bxd4 Be6 11. Kb1 Qc7 12. h4 Rfc8 13. g4 Qa5 14. a3 Rab8 15. Nd5 Qxd2 16. Rxd2 Bxd5 17. exd5 a6 18. h5 Nd7 19. Bxg7 Kxg7 20. hxg6 hxg6 21. g5 b5 22. f4 a5 23. Rdh2 Nf8 24. Rh3 b4 25. Re3 Rc7 26. Bg2 bxa3 27. Rxa3 Rcb7 28. b3 Ra8 29. Ra4 Nd7 30. Kc1 Nc5 31. Rc4 Rb4 32. Rxb4 axb4 33. Kd2 Ra2 34. Rh3 e6 35. dxe6 Nxe6 36. Rf3 Nd4 37. Rd3 Nxc2 38. Kd1 Ne3+ 39. Kc1 Nxg2 40. Rd4 Rf2 41. Rxb4 Rxf4 42. Rb6 Rf5 43. Rxd6 Rb5 44. Kc2 Ne1+ 45. Kc3 Nf3 46. Kc4 Rxg5 47. b4 Ne5+ 48. Kb3 Kf8 49. b5 Ke7 50. Rd1 Nd7 51. Kb4 Kd8 52. Re1 Rc5 53. Rf1 Rf5 54. Re1 Re5 55. Rf1 f6 56. Rc1 Re6 57. Rc2 Rd6 58. Rc1 Ke7 59. Re1+ Kf7 60. Rc1 g5 61. Rc7 Ke6 62. Rc1 f5 0-1

[Event "American Continental 15th"]
[Site "Sao Paulo"]
[Date "2019.07.09"]
[Round "7"]
[White "Amaral, Danilo Tokechi"]
[Black "Torella, Rodolfo"]
[Result "0-1"]
[WhiteElo "1432"]
[BlackElo "2047"]
[PlyCount "60"]
[EventDate "2019.07.05"]
[EventType "swiss"]
[EventRounds "11"]
[EventCountry "BRA"]
[SourceTitle "CBM 191 Extra"]
[Source "ChessBase"]
[SourceDate "2019.09.30"]
[SourceVersion "1"]
[SourceVersionDate "2019.09.30"]
[SourceQuality "1"]

1. e4 c5 2. Nf3 Nc6 3. Bb5 e6 4. c3 Nge7 5. 0-0 a6 6. Ba4 b5 7. Bc2 Bb7 8. d4 cxd4 9. cxd4 Nb4 10. Nc3 Nxc2 11. Qxc2 Rc8 12. Qe2 Ng6 13. e5 f5 14. exf6 Qxf6 15. d5 Rxc3 16. bxc3 Bxd5 17. Rd1 Qxc3 18. Bb2 Qc4 19. Qxc4 bxc4 20. Ne5 Nf4 21. g3 Nh3+ 22. Kf1 Bc5 23. Bd4 Ba3 24. f4 d6 25. Nxc4 Bxc4+ 26. Kg2 e5 27. Re1 0-0 28. fxe5 Ng5 29. exd6 Bd5+ 30. Kg1 Nh3# 0-1

[Event "Sao Paulo STD Gansl op"]
[Site "Sao Paulo"]
[Date "2019.05.24"]
[Round "1"]
[White "Triebe De Mello, Otto Carlos"]
[Black "Amaral, Danilo Tokechi"]
[Result "1-0"]
[WhiteElo "1745"]
[BlackElo "1407"]
[PlyCount "55"]
[EventDate "2019.05.24"]
[EventType "swiss"]
[EventRounds "6"]
[EventCountry "BRA"]
[SourceTitle "CBM 190 Extra"]
[Source "ChessBase"]
[SourceDate "2019.07.15"]
[SourceVersion "1"]
[SourceVersionDate "2019.07.15"]
[SourceQuality "1"]

1. e4 c5 2. c3 Nf6 3. e5 Nd5 4. d4 cxd4 5. cxd4 e6 6. Nf3 Be7 7. Nc3 Nxc3 8. bxc3 d5 9. Bd3 Nc6 10. 0-0 0-0 11. Qc2 g6 12. Bh6 Re8 13. Qd2 f6 14. Rfe1 fxe5 15. dxe5 d4 16. Qf4 dxc3 17. Rad1 Qc7 18. Ng5 Bf8 19. Ne4 Bg7 20. Bxg7 Kxg7 21. Nf6 Rf8 22. Qh4 Rh8 23. Qg5 Nb4 24. Bb5 Qe7 25. Re4 Nxa2 26. Rf4 Qc5 27. Nh5+ Kg8 28. Rd8+ 1-0

[Event "Florianopolis op 5th"]
[Site "Florianopolis"]
[Date "2019.01.26"]
[Round "9"]
[White "Amaral, Danilo Tokechi"]
[Black "Boghi, Victor Almeida"]
[Result "0-1"]
[WhiteElo "1360"]
[BlackElo "1721"]
[PlyCount "124"]
[EventDate "2019.01.21"]
[EventType "swiss"]
[EventRounds "10"]
[EventCountry "BRA"]
[SourceTitle "EXT 2020"]
[Source "ChessBase"]
[SourceDate "2019.10.17"]
[SourceVersion "1"]
[SourceVersionDate "2019.10.17"]
[SourceQuality "1"]

1. e4 d6 2. d4 g6 3. f4 Bg7 4. Nf3 Nf6 5. Nc3 0-0 6. Be2 Nbd7 7. 0-0 c5 8. e5 Ne8 9. Be3 cxd4 10. Bxd4 dxe5 11. Bxe5 Nef6 12. Qe1 Nxe5 13. Nxe5 Nd7 14. Rd1 Qb6+ 15. Kh1 Nxe5 16. fxe5 Qxb2 17. Bc4 e6 18. Bb3 b6 19. Rb1 Qa3 20. Qg3 Qc5 21. Rfe1 Bb7 22. Rbd1 Rfd8 23. h3 Rac8 24. Ne4 Qxe5 25. Qxe5 Bxe5 26. Ng5 Bf6 27. Nxe6 fxe6 28. Bxe6+ Kf8 29. Bxc8 Bxc8 30. Rxd8+ Bxd8 31. Kg1 Bf5 32. Re2 h5 33. Kf2 Be7 34. Kf3 g5 35. Ke3 Bc5+ 36. Kd2 Kf7 37. Kc3 Kf6 38. a4 Bd7 39. Kb3 Kf5 40. Rd2 Bc6 41. g3 Ke4 42. Rd3 Bd5+ 43. Kc3 a5 44. Kb2 Be6 45. h4 gxh4 46. gxh4 Kf4 47. Rd8 Kg3 48. Re8 Bg4 49. Kc1 Kxh4 50. Kd2 Kg3 51. Ke1 h4 52. Kf1 h3 53. c4 h2 54. Rh8 Bg1 55. Rh6 Bd7 56. Rg6+ Kf4 57. Kg2 Bxa4 58. c5 bxc5 59. Ra6 Bc2 60. Rf6+ Ke5 61. Rh6 Be4+ 62. Kf1 h1Q 0-1

[Event "Florianopolis op 5th"]
[Site "Florianopolis"]
[Date "2019.01.24"]
[Round "5"]
[White "Amaral, Danilo Tokechi"]
[Black "Rodrigues, Nei Jorge"]
[Result "0-1"]
[WhiteElo "1360"]
[BlackElo "1949"]
[PlyCount "64"]
[EventDate "2019.01.21"]
[EventType "swiss"]
[EventRounds "10"]
[EventCountry "BRA"]
[SourceTitle "CBM 188 Extra"]
[Source "ChessBase"]
[SourceDate "2019.02.26"]
[SourceVersion "1"]
[SourceVersionDate "2019.02.26"]
[SourceQuality "1"]

1. e4 c5 2. Nf3 e6 3. d3 Nc6 4. g3 Nge7 5. Bg2 g6 6. 0-0 Bg7 7. Re1 d6 8. Nc3 0-0 9. Bf4 Nd4 10. Qd2 Re8 11. e5 dxe5 12. Bxe5 f6 13. Bf4 e5 14. Bh6 Bxh6 15. Qxh6 Nxc2 16. Rxe5 Nf5 17. Rxe8+ Qxe8 18. Qf4 Nxa1 19. Nd5 Qf7 20. Nc7 Qxa2 21. Nxa8 Be6 22. Qb8+ Kg7 23. Qxb7+ Kh6 24. h4 Bd5 25. Qb8 Qb1+ 26. Kh2 Qxd3 27. g4 Bxf3 28. Qf4+ Kg7 29. Bxf3 Qd6 30. Qxd6 Nxd6 31. Kg1 Nc4 32. b4 Kf8 0-1

[Event "Florianopolis op 5th"]
[Site "Florianopolis"]
[Date "2019.01.23"]
[Round "4"]
[White "Gallardo Rojel, Alejandro"]
[Black "Amaral, Danilo Tokechi"]
[Result "0-1"]
[WhiteElo "1793"]
[BlackElo "1360"]
[PlyCount "74"]
[EventDate "2019.01.21"]
[EventType "swiss"]
[EventRounds "10"]
[EventCountry "BRA"]
[SourceTitle "CBM 188 Extra"]
[Source "ChessBase"]
[SourceDate "2019.02.26"]
[SourceVersion "1"]
[SourceVersionDate "2019.02.26"]
[SourceQuality "1"]

1. c4 Nf6 2. Nc3 c5 3. Nf3 d5 4. cxd5 Nxd5 5. e4 Nc7 6. d4 cxd4 7. Qxd4 Qxd4 8. Nxd4 a6 9. Bf4 Ne6 10. Nd5 Nxd4 11. Nc7+ Kd8 12. 0-0-0 Nbc6 13. Nxa8 e5 14. Be3 Bc5 15. f4 Bg4 16. Rd2 f6 17. fxe5 fxe5 18. a3 Kc8 19. Rd3 Kb8 20. h3 Be6 21. Rc3 Ba7 22. b4 Kxa8 23. Kb2 Rc8 24. Bc4 Bxc4 25. Rxc4 b5 26. Rc3 Ne2 27. Rd3 Ncd4 28. Bxd4 Bxd4+ 29. Kb1 Nc3+ 30. Kc1 Nxe4+ 31. Kb1 Nf2 32. Rxd4 exd4 33. Rc1 Rxc1+ 34. Kxc1 Kb7 35. Kd2 Kc6 36. Ke2 Ne4 37. Kd3 Kd5 0-1

[Event "Hebraica op 26th"]
[Site "Hebraica"]
[Date "2019.01.13"]
[Round "6"]
[White "Costa, Iaggo Bernini"]
[Black "Amaral, Danilo Tokechi"]
[Result "1-0"]
[WhiteElo "1507"]
[BlackElo "1360"]
[PlyCount "97"]
[EventDate "2019.01.11"]
[EventType "swiss"]
[EventRounds "6"]
[EventCountry "BRA"]
[SourceTitle "EXT 2020"]
[Source "ChessBase"]
[SourceDate "2019.10.17"]
[SourceVersion "1"]
[SourceVersionDate "2019.10.17"]
[SourceQuality "1"]

1. e4 c5 2. Nf3 d6 3. d4 cxd4 4. Nxd4 Nf6 5. f3 e5 6. Bb5+ Nbd7 7. Nf5 a6 8. Bxd7+ Qxd7 9. Bg5 d5 10. Bxf6 gxf6 11. Nc3 Bb4 12. 0-0 dxe4 13. fxe4 Rg8 14. Nd5 Qc6 15. c3 Bc5+ 16. Kh1 Bxf5 17. Rxf5 Rg6 18. b4 Bf8 19. Qf3 0-0-0 20. Rf1 Rd6 21. Qh3 Kb8 22. Qxh7 Qd7 23. Qh8 Qd8 24. Rxf6 Rdxf6 25. Rxf6 Rxf6 26. Qxf6 Qxf6 27. Nxf6 Kc7 28. g4 Bh6 29. Nd5+ Kc6 30. a4 b6 31. h4 Bd2 32. Kg2 a5 33. Kf2 b5 34. axb5+ Kxb5 35. bxa5 Kxa5 36. Ke2 Bc1 37. g5 Kb5 38. Ne3 Ba3 39. c4+ Kc6 40. Ng4 Kd6 41. h5 Ke6 42. h6 Bf8 43. h7 Bg7 44. c5 Kd7 45. Kd3 Kc6 46. Kc4 Bh8 47. Nh6 f6 48. gxf6 Bxf6 49. Nf7 1-0

[Event "Hebraica op 26th"]
[Site "Hebraica"]
[Date "2019.01.12"]
[Round "4"]
[White "Gomes, Guilherme Rodrigues"]
[Black "Amaral, Danilo Tokechi"]
[Result "1-0"]
[WhiteElo "1565"]
[BlackElo "1360"]
[PlyCount "65"]
[EventDate "2019.01.11"]
[EventType "swiss"]
[EventRounds "6"]
[EventCountry "BRA"]
[SourceTitle "EXT 2020"]
[Source "ChessBase"]
[SourceDate "2019.10.17"]
[SourceVersion "1"]
[SourceVersionDate "2019.10.17"]
[SourceQuality "1"]

1. d4 Nf6 2. g3 g6 3. Bg2 Bg7 4. Nf3 0-0 5. 0-0 d6 6. c4 Na6 7. Nc3 c5 8. d5 Nc7 9. a4 a6 10. Re1 Rb8 11. a5 b5 12. axb6 Na8 13. e4 Nxb6 14. Qe2 Ra8 15. h3 a5 16. e5 Nfd7 17. e6 Ne5 18. Nxe5 Bxe5 19. Bh6 Bg7 20. exf7+ Rxf7 21. Bxg7 Kxg7 22. b3 Bb7 23. h4 Nd7 24. h5 Ne5 25. f4 Nd7 26. Ne4 h6 27. Qg4 Nf8 28. hxg6 Nxg6 29. f5 Bc8 30. Qxg6+ Kf8 31. Qxh6+ Ke8 32. Nxd6+ Kd7 33. Nxf7 1-0

[Event "Hebraica op 26th"]
[Site "Hebraica"]
[Date "2019.01.11"]
[Round "1"]
[White "Amaral, Danilo Tokechi"]
[Black "Jenidarchiche, Douglas Rodrigo"]
[Result "1-0"]
[WhiteElo "1360"]
[BlackElo "1816"]
[PlyCount "61"]
[EventDate "2019.01.11"]
[EventType "swiss"]
[EventRounds "6"]
[EventCountry "BRA"]
[SourceTitle "EXT 2020"]
[Source "ChessBase"]
[SourceDate "2019.10.17"]
[SourceVersion "1"]
[SourceVersionDate "2019.10.17"]
[SourceQuality "1"]

1. e4 c5 2. Nf3 Nc6 3. Bb5 Na5 4. 0-0 a6 5. Be2 d6 6. d4 cxd4 7. Nxd4 Nf6 8. Nc3 b5 9. b4 Nc4 10. a4 Qc7 11. axb5 Ne5 12. Nd5 Nxd5 13. exd5 Qc3 14. Be3 Qxb4 15. bxa6 g6 16. Nb5 Kd7 17. c3 Qe4 18. Ra4 Qf5 19. f4 Bh6 20. g4 Qf6 21. g5 Qg7 22. gxh6 Qxh6 23. Bd4 Bxa6 24. fxe5 dxe5 25. Rxf7 exd4 26. Bg4+ Ke8 27. Qxd4 Qc1+ 28. Rf1 Qxf1+ 29. Kxf1 Bxb5+ 30. Ke1 Rxa4 31. Qxh8+ 1-0